00183nam a2200073Ia 4500008004100000100002100041245003700062260001000099170620s9999 xx 000 0 und d aDr. B. M. Mathur 0aAadhunik Samajik Vigyan Adhyapan bAPOLO